000 00344nam a22001097a 4500
040 _cHS
082 _a570
100 _aឌុក ឆេង
245 _aជីវវិទ្យា
260 _aវិទ្យាស្ថានបច្ចេកទេសកសិកម្ម​ ចំការដូង
_bឌុក ឆេង
_c1994
942 _cKB
999 _c8479
_d8479